000 00697nam a2200217Ia 4500
001 dia_6695
003 CHAP
005 20251030134354.0
008 220117s1965 xx 000 0 und d
010 _a177955
040 _cCHAP
_amxchpua
090 _aF 100 1965
100 _aMuñoz Flores, Ignacio
_979591
245 _aEl esparrago : recomendaciones para su cultivo /
_c Ignacio Muñoz Flores, Fidel López López y Adalberto Heredia Z.
260 _aMéxico :
_b SAG. Instituto Nacional de Investigaciones Agrícolas,
_c1965
300 _a16 p.
901 _aF 100 1965
902 _aM
905 _a0000001965 MX 0000000000SPA00
942 _cFOLL
_2local
999 _c177955
_d177955